| 000 | 01753cam a22003615i 4500 | ||
|---|---|---|---|
| 001 | 3617865 | ||
| 003 | EG-ScBUE | ||
| 005 | 20260315101128.0 | ||
| 008 | 730523s1972 no a f b 101 0 eng d | ||
| 020 | _a8200022536 | ||
| 040 |
_aEG-ScBUE _beng _erda _cEG-ScBUE _dEG-ScBUE |
||
| 043 | _at------ | ||
| 082 | 0 | 4 |
_a559.89 _bANT _222 |
| 111 | 2 |
_aSymposium on Antarctic Geology and Solid Earth Geophysics _d(1970 : _cOslo, Norway) |
|
| 245 | 1 | 0 |
_aAntarctic geology and geophysics : _bSymposium on Antarctic Geology and Solid Earth Geophysics, Oslo, 6-15 August 1970 / _cedited by Raymond J. Adie, British Antractic Survey, Department of Geology, University of Birmingham, Birmingham 15, England ; organized by the Scientific Committee on Antarctic Research ; and sponsored by the International Union of Geological Sciences. |
| 264 | 1 |
_aOslo : _bUniversitetsforlaget, _c1972. |
|
| 300 |
_a875 pages : _billustrations ; _c30 cm. |
||
| 336 |
_2rdacontent _atext _btxt |
||
| 337 |
_aunmediated _2rdamedia _bn |
||
| 338 |
_avolume _bnc _2rdacarrier |
||
| 490 | 0 |
_aInternational Union of Geological Sciences. Series B ; _vno. 1 |
|
| 490 | 0 | _aScandinavian university books | |
| 500 | _aSponsored by the International Union of Geological Sciences. | ||
| 504 | _aIncludes bibliographical references and index. | ||
| 650 | 7 |
_aGeology _zAntarctica _vCongresses. _2BUEsh |
|
| 650 | 7 |
_aGeophysics _zAntarctica _vCongresses. _2BUEsh |
|
| 653 |
_bGGEN _cFebruary2018 |
||
| 655 | _vReading book | ||
| 700 | 1 |
_aAdie, Raymond J. _q(Raymond John), _d1925-2006, _eeditor. |
|
| 710 | 2 |
_aInternational Union of Geological Sciences, _eSponsor. |
|
| 710 | 2 |
_aInternational Council of Scientific Unions. _bScientific Committee on Antarctic Research, _eorganizer. |
|
| 942 |
_2ddc _cBB |
||
| 999 |
_c26066 _d26038 |
||